000
00376nam a22001337a 4500
999
_c
57828
_d
57828
005
20210118122647.0
008
201224s2019 ru ||||| |||| 00| 0 rus d
040
_c
041
_a
rus
245
_a
Реферативный журнал /
_b
2019 .
260
_a
Москва,
_c
2019.
653
_a
ელექტრონული ჟურნალი
942
_2
udc
_c
BK